Scènes de Titanic dans le désordre - Statistiques

Statistiques générales
  • Ce quiz a été pris 2 083 fois
  • Le résultat moyen est 4 sur 15
Statistiques - réponses
Hint Réponse % Correct
Titanic
82%
Titanic
53%
Titanic
35%
Titanic
29%
Titanic
27%
Titanic
24%
Titanic
23%
Titanic
22%
Titanic
18%
Titanic
15%
Titanic
15%
Titanic
14%
Titanic
14%
Titanic
10%
Titanic
9%
Aucun quiz correspondant
Distribution des résultats
% des personnes avec chaque résultat
Percentile par nombre de réponses
Votre historique - résultats
Vous n’avez pas pris ce quiz